| 000 | 01122cam a2200325 i 4500 | ||
|---|---|---|---|
| 003 | EG-ScBUE | ||
| 005 | 20250121105441.0 | ||
| 008 | 110614t2012 nyua f b 001 0 eng d | ||
| 020 | _a9781614701194 | ||
| 040 |
_aDLC _beng _erda _cDLC _dDLC _dEG-ScBUE |
||
| 082 | 0 | 4 |
_a530 _bENC _222 |
| 245 | 0 | 0 |
_aEncyclopedia of physics research. _nvolume 2 / _cNancy B. Devins and Jillian P. Ramos editors. |
| 246 | 3 | 0 | _aPhysics research |
| 264 | 1 |
_aHauppauge, NY. : _bNova Science Publishers, _c[2012] |
|
| 264 | 4 | _cc2012 | |
| 300 |
_a686 pages : _billustrations ; _c26 cm. |
||
| 336 |
_2rdacontent _atext _btxt |
||
| 337 |
_aunmediated _2rdamedia _bn |
||
| 338 |
_avolume _bnc _2rdacarrier |
||
| 490 | 0 | _aPhysics research and technology | |
| 500 | _a"Additional books in this series can be found on Nova's website under the series tab"--Series t.p. | ||
| 504 | _aIncludes bibliographical references and index. | ||
| 650 | 7 |
_aPhysics. _2BUEsh |
|
| 651 | _2BUEsh | ||
| 653 |
_bENGGEN _cApril2019 |
||
| 655 | _vReading book | ||
| 700 | 1 |
_aDevins, Nancy B. _teditor. |
|
| 700 | 1 |
_aRamos, Jillian P. _teditor. |
|
| 942 |
_2ddc _cBB |
||
| 999 |
_c27407 _d27378 |
||